School of thought (Record no. 74456)

MARC details
000 -LEADER
fixed length control field 01396cab a2200253 4500
001 - CONTROL NUMBER
control field ABS67988
008 - FIXED-LENGTH DATA ELEMENTS--GENERAL INFORMATION
fixed length control field 040714n2004 000 0 eng u
035 ## - SYSTEM CONTROL NUMBER
System control number (Sirsi) u126774
100 ## - MAIN ENTRY--PERSONAL NAME
Personal name Jackman, P.
245 ## - TITLE STATEMENT
Title School of thought
260 ## - PUBLICATION, DISTRIBUTION, ETC.
Date of publication, distribution, etc. 2004
490 ## - SERIES STATEMENT
Series statement Fire Engineers' Journal
Volume/sequential designation 64(246) July 2004, 36-37(2)
520 ## - SUMMARY, ETC.
Summary, etc. Reports on the forthcoming publication of new guidance on school design in England and Wales. Until 2001 schools were designated as crown property and exempt from the Building Regulations. Draft BB100 "Designing and managing against the risk of fire in schools", is now out to limited public consultation prior to publication. It is based upon providing a solution founded on the assessment of fire risk across a range of school building uses and provides guidance on a prescriptive basis. The need for changes has been brought about by the increased use of school buildings by user groups outside normal school hours and users. The guide aims to cut down on arson attacks in schools, which destroys irreplaceable work as well as property.
590 ## - LOCAL NOTE (RLIN)
Local note ABS
650 ## - SUBJECT ADDED ENTRY--TOPICAL TERM
Topical term or geographic name entry element BB100
650 ## - SUBJECT ADDED ENTRY--TOPICAL TERM
Topical term or geographic name entry element FIRE PRECAUTIONS ACT 1971
650 ## - SUBJECT ADDED ENTRY--TOPICAL TERM
Topical term or geographic name entry element SCHOOL BUILDINGS
650 ## - SUBJECT ADDED ENTRY--TOPICAL TERM
Topical term or geographic name entry element ARSON
650 ## - SUBJECT ADDED ENTRY--TOPICAL TERM
Topical term or geographic name entry element RISK ASSESSMENT
650 ## - SUBJECT ADDED ENTRY--TOPICAL TERM
Topical term or geographic name entry element MANAGEMENT-HEALTH AND SAFETY-FIRE SAFETY
690 ## - LOCAL SUBJECT ADDED ENTRY--TOPICAL TERM (OCLC, RLIN)
Topical term or geographic name as entry element BUILT ENVIRONMENT-BUILDING STANDARDS
700 ## - ADDED ENTRY--PERSONAL NAME
Personal name Morgan, P.
942 ## - ADDED ENTRY ELEMENTS (KOHA)
Suppress in OPAC 0
Holdings
Withdrawn status Lost status Source of classification or shelving scheme Damaged status Not for loan Home library Current library Shelving location Date acquired Total Checkouts Full call number Barcode Date last seen Copy number Price effective from Koha item type
    Dewey Decimal Classification     London London Journal article 14/07/2004   ABS67988 126774-1001 06/08/2019 1 06/08/2019 Journal article